000 00515nam a2200217Ia 4500
005 20250425162447.0
008 250425s9999 xx 000 0 und d
020 _a0075571080
041 _aeng
082 _a574
100 _aHOPSON, JANET L.
245 0 _aESSENTIALS OF BIOLOGY
250 _aS.E.
260 _aEstados Unidos
_bMCGRAW HILLS PUBLISHING COMPANY
_c1990
260 _aNEW YORK
300 _a134
650 _aBIOLOGIA
700 _aWESSELLS, NORMAN K.
942 _c01
010 _a75583
999 _c229681
_d229681